| 000 | 00918njm a22002417a 4500 | ||
|---|---|---|---|
| 005 | 20100830110438.0 | ||
| 006 | a|||||r|||||00| 0 | ||
| 007 | sd bmmalaaahaa | ||
| 008 | 100830t xxu||||| |||| 00| 0 eng d | ||
| 028 |
_aN-36705 _bHis Master Voice |
||
| 035 | _aGR-00002 | ||
| 040 |
_aSED _cSED |
||
| 245 |
_aBhaj re hari naam Darbari / _cSung by Khansahib Bade ghulam ali _h[sound recording] : |
||
| 260 |
_aDum dum India _bHis Master voice _cn.d. |
||
| 300 |
_a1 sound disc [Gramophone Record] : _banalog, 33 1/3 rpm _c9.5 in |
||
| 500 | _aBrief record | ||
| 505 | _aBhaj re hari naam Darbari , Chode de mori achari Kamod ( Khansahibk Bade Ghulam Ali ) | ||
| 650 |
_aClassical music _xExcerpts _zIndia _917413 |
||
| 700 |
_aKhansauib Bade Ghulam Ali _917414 |
||
| 700 | _917415 | ||
| 942 |
_2ddc _cGR |
||
| 999 |
_c43181 _d43181 |
||